| 000 | 01248cam a22002651i 4500 | ||
|---|---|---|---|
| 003 | SA-RiAUC | ||
| 005 | 20241201144951.0 | ||
| 008 | 241128s1998 su a g f 000 0 ara c | ||
| 040 |
_aSA-JeALM _bara _cSA-RiAUC _erda |
||
| 050 | 4 | _b.D59 1998 | |
| 082 | 0 | 4 | _a252.5 |
| 090 |
_a252.5 _bد ي و |
||
| 100 | 1 |
_aالديوان، عبد الكريم _eمؤلف. |
|
| 245 | 1 | 0 |
_aرحلة إلى البيت العتيق : _b(موضحا كيفية تأدية المناسك بالأشكال التخطيطية والمسافات بين المشاعر وإرشادات عملية أخرى وبيان أخطاء الحجاج في كل منسك) / _cجمع وإعداد عبد الكريم الديوان. |
| 250 | _aالطبعة الاولى. | ||
| 264 | 1 |
_aالرياض : _bدار الفضيلة للنشر والتوزيع، _c1997 |
|
| 300 |
_a142 صفحة : _bإيضاحيات ؛ _c24 سم |
||
| 336 |
_aنص _btxt _2rdacontent _3كتاب |
||
| 337 |
_aبدون وسيط _bn _2rdamedia |
||
| 338 |
_aمجلد _bnc _2rdacarrier |
||
| 650 | 7 |
_aالحج (فقه إسلامي) _xمناسك _vكتب إرشادية _2aucsh |
|
| 650 | 7 |
_aالكعبة _vكتب إرشادية _2aucsh |
|
| 942 |
_2ddc _cBOOK _n0 |
||
| 949 |
_aSA-JeALM _d241128 _uosman123 _n1 |
||
| 999 |
_c2905 _d2905 |
||